000 00925cam a22002655a 4500
001 162340
003 ARRUPE
005 20140606165129.0
008 980514s1997 enk 000 0 eng
010 _a 98150522
020 _a1858560845 (pbk.)
035 _a(OCoLC)37880946
040 _aSKA
_cSKA
_dDLC
050 0 0 _aACQUISITION IN PROCESS (COPIED)
245 0 0 _aTeaching right and wrong :
_bmoral education in the balance /
_cedited by Richard Smith and Paul Standish.
260 _aStaffordshire, England :
_bTrentham Books,
_c1997.
300 _axi, 157 p. ;
_c23 cm.
504 _aIncludes bibliographical references (p. 153-155) and index.
650 0 _aMoral education.
_910714
700 1 _aSmith, Richard
_q(Richard D.)
_910715
700 1 _aStandish, Paul,
_d1949-
_910716
906 _a0
_bibc
_corignew
_d3
_encip
_f19
_gy-gencatlg
942 _2lcc
_cMONOGRAPH
999 _c120661
_d120661